Statistiques concernant paroles larmes d'ivoire

Cliquez ici pour prendre le quiz!

Statistiques générales

  • Ce quiz a été pris 14 fois
  • Le résultat moyen est 151 sur 167

Statistiques - réponses

Réponse% Correct
à
100%
a
100%
beaucoup
100%
de
100%
des
100%
d'ici
100%
éclaire
100%
en
100%
enfant
100%
espoir
100%
est
100%
et
100%
il
100%
jamais
100%
je
100%
la
100%
larmes
100%
loin
100%
lui
100%
mais
100%
matin
100%
mer
100%
mon
100%
mort
100%
ne
100%
100%
parti
100%
pas
100%
patient
100%
pense
100%
père
100%
porte
100%
quand
100%
regard
100%
rêves
100%
revient
100%
sang
100%
sèche
100%
sois
100%
son
100%
sur
100%
tes
100%
toi
100%
tout
100%
un
100%
vers
100%
âme
89%
ce
89%
ces
89%
cette
89%
coeur
89%
console
89%
d'argent
89%
donc
89%
frère
89%
guerres
89%
histoire
89%
les
89%
main
89%
peine
89%
petit
89%
peu
89%
que
89%
qu'elle
89%
qui
89%
raconte
89%
reflets
89%
ses
89%
ta
89%
ton
89%
vit
89%
vois
89%
aussi
78%
bât
78%
dans
78%
dites
78%
du
78%
encore
78%
leur
78%
l'honorent
78%
maintenant
78%
mère
78%
moi
78%
nos
78%
pays
78%
pour
78%
pourquoi
78%
prends
78%
présent
78%
sache
78%
soldats
78%
soleil
78%
sont
78%
vie
78%
yeux
78%
avenir
67%
d'ivoire
67%
donne
67%
dort
67%
enfants
67%
garde
67%
l'espoir
67%
lève
67%
ôte
67%
périr
67%
peuple
67%
armes
56%
dessous
56%
périple
56%
sommeile
56%
terreou
33%

Distribution des résultats

Percentile par nombre de réponses

% des personnes avec chaque résultat

Votre développement - résultats

Vous n’avez pas pris ce quiz